Catálogo
 En Linea

La organización. (Registro nro. 29827)

Detalles MARC
000 -CABECERA
campo de control de longitud fija 00439nam a2200145 a 4500
001 - NÚMERO DE CONTROL
campo de control 000030335
005 - FECHA Y HORA DE LA ÚLTIMA TRANSACCIÓN
campo de control 20200930060237.0
008 - DATOS DE LONGITUD FIJA--INFORMACIÓN GENERAL
campo de control de longitud fija 110510s2004 000 spa d
040 ## - FUENTE DE LA CATALOGACIÓN
Centro catalogador/agencia de origen DO-SdBNP
Lengua de catalogación spa
Centro/agencia transcriptor BNPHU
082 ## - NÚMERO DE LA CLASIFICACIÓN DECIMAL DEWEY
Número de clasificación xxxx
Número de documento/Ítem O68
049 ## - FONDOS LOCALES (OCLC)
Fondos de biblioteca BNPD
245 03 - MENCIÓN DE TÍTULO
Título La organización.
260 ## - PUBLICACIÓN, DISTRIBUCIÓN, ETC.
Lugar de publicación, distribución, etc. Santo Domingo :
Nombre del editor, distribuidor, etc. Centro de Solidaridad para el Desarrollo de la Mujer:
-- Veterinarios sin Fronteras,
Fecha de publicación, distribución, etc. 2004.
300 ## - DESCRIPCIÓN FÍSICA
Extensión 37 p. :
Otras características físicas il. ;
Dimensiones 28 cm.
Existencias
Estado de retiro Estado de pérdida Restricciones de uso No para préstamo Código de colección Localización permanente Ubicación/localización actual Ubicación en estantería Fecha de adquisición Número de inventario Total de préstamos Signatura topográfica completa Código de barras Fecha visto por última vez Precio válido a partir de Tipo de ítem Koha Número de copia
      Excluido de préstamo Monografías: Libros y Folletos Patrimonio Dominicano Patrimonio Dominicano En catalogación 10.05.2011 LF1   xxxx O68 30335-10 25.06.2020 25.06.2020 No se presta  
      Excluido de préstamo Monografías: Libros y Folletos Patrimonio Dominicano Patrimonio Dominicano En catalogación 12.05.2011 LF1   xxxx O68 30335-20 25.06.2020 25.06.2020 No se presta e. 2

Con tecnología Koha